00213nam a2200097Ia 4500100001900000654001100019245002600030260003800056082000900094546001200103 aWolverton Van  aMs dos aSuper charging MS DOS bMicrosoft PressaWashingtonc1989 a5.44 aENGLISH